Catálogo

ATTO ED ESSERE (Registro nro. 46750)

Detalles MARC
000 -LEADER
fixed length control field 00871nam a2200193 a 4500
001 - CONTROL NUMBER
control field 46750
005 - DATE AND TIME OF LATEST TRANSACTION
control field 20180714030436.0
008 - FIXED-LENGTH DATA ELEMENTS--GENERAL INFORMATION
fixed length control field 140415s1991 it 000 0 ita d
041 ## - LANGUAGE CODE
Language code of text/sound track or separate title ita
082 ## - DEWEY DECIMAL CLASSIFICATION NUMBER
Classification number 195
Item number OPE
100 1# - MAIN ENTRY--PERSONAL NAME
Personal name SCIACCA,MICHELE FEDERICO
245 10 - TITLE STATEMENT
Title ATTO ED ESSERE
250 ## - EDITION STATEMENT
Edition statement 1a ed.
260 ## - PUBLICATION, DISTRIBUTION, ETC.
Place of publication, distribution, etc. ITALIA :
Name of publisher, distributor, etc. LEPOS,
Date of publication, distribution, etc. 1991
300 ## - PHYSICAL DESCRIPTION
Extent
Dimensions 14 x 1.6 x 22.8
490 ## - SERIES STATEMENT
Series statement OPERE DI MICHELE FEDERICO SCIACCA
520 ## - SUMMARY, ETC.
Summary, etc. QUESTO VOLUMETTO, COME I DUE PRECEDENTI--L´INTERIORITA OGGETTIVA E L´UOMO, QUESTO <<SQUILIBRATO>> -- FA PARTE DEL CORPUS CHE CHIAMO LA FILOSOFIA DELL´INTEGRALLITÁ. QUASI LA METÁ DI ESSO É STATA SCRITTA DURANTE UN MIO SOGGIORNO (DAL 30 SETTEMBRE AL 20 DE OTTOBRE 1955) AL <<SACRO MONTE CALVARIO>> DEI P.P. ROSMINIANI, DOVE IL ROSMINI FONDÓ L´<<ISTITUTO DELLA CARITÁ>>.
650 14 - SUBJECT ADDED ENTRY--TOPICAL TERM
Topical term or geographic name entry element METAFISICA
General subdivision ONTOLOGIA
Existencias
Withdrawn status Lost status Source of classification or shelving scheme Damaged status Not for loan Collection code Home library Current library Shelving location Date acquired Source of acquisition Inventory number Total Checkouts Full call number Barcode Date last seen Price effective from Koha item type
    Dewey Decimal Classification     General Biblioteca Karol Wojtyla Biblioteca Karol Wojtyla Sala general 03/12/2013 Compra 151000000000000000062456   195 OPE 70113 05/01/2026 03/12/2013 Libro